Sci-Fi/Fantasy Facepalm Quiz Stats

Quiz Updated Aug 29, 2015

Also try: Sci-Fi By Picture
Challenge
Share
Tweet
Score 0/18 Timer 05:00
0 Plays Today
Character % Correct
Batman (Batman)
98.9%
Spider-Man (Spider-Man)
96.2%
Iron Man (Iron Man, The Avengers)
92%
Godzilla (Godzilla)
89.6%
James T. Kirk (Star Trek)
86.5%
Stormtrooper (Star Wars)
85.8%
Princess Leia (Star Wars)
80.2%
Predator (Predator)
75.8%
Optimus Prime (Transformers)
74.6%
Character % Correct
Jean-Luc Picard (Star Trek: The Next Generation)
72.8%
The Doctor (Doctor Who)
72.6%
Philip J. Fry (Futurama)
66.3%
Pinhead (Hellraiser)
59.5%
Loki (Thor, The Avengers)
57.9%
Elrond Half-elven (The Lord of the Rings)
51.3%
Théoden (The Lord of the Rings)
29%
Lord Zedd (Mighty Morphin Power Rangers)
10.6%
Daniel Jackson (Stargate SG-1)
7.6%

You're not logged in!

Compare scores with friends on all Sporcle quizzes.
Join for Free
OR
Log In

You Might Also Like...

Show Comments

Extras

Top Quizzes Today


Score Distribution

Your Account Isn't Verified!

In order to create a playlist on Sporcle, you need to verify the email address you used during registration. Go to your Sporcle Settings to finish the process.

Report this User

Report this user for behavior that violates our Community Guidelines.

Details: